000 02170nab a2200241 a 4500
005 20210219162721.0
008 991125s1985 mx 000 0 spa u
035 _aUPN01000209620
049 _aART
100 1 _aGómez, María Celeste
100 1 _ugomezmariaceleste@gmail.com
222 0 _aINTERDISCIPLINARIA : REVISTA DE PSICOLOGIA Y CIENCIAS AFINES
245 0 0 _aGuía para padres de bebés nacidos prematuros : la internación
260 _aBuenos Aires, Argentina
300 _a347-366
362 0 _a2015 Volumen 32, número 2
520 3 _aCada año nacen a nivel mundial alrededor de 15 millones de niños anticipadamente y dicha tasa de nacimientos prematuros sigue en aumento. De estos infantes, un millón muere a causa de secuelas relacionadas con su temprana llegada al mundo. A partir de la experiencia en Psicología Perinatal en tres hospitales de la Ciudad Autó noma de Buenos Aires y el Gran Buenos Aires, se observaron ciertos cuestionamientos de los padres de niños que se encuentran internados debido a su prematuridad en servicios de Unidad de Cuidados Intensivos Neonatales (UCIN). Por este motivo el objetivo del trabajo realizado fue elaborar una Guía para padres de bebés nacidos prematuros que permita una correcta y rá- pida comprensión del ámbito de internación además de las situaciones por las que podría atravesar un niño nacido prematuro. Se utilizaron para este fin textos y cuadros. A su vez se trabajó acerca de los equipos empleados, el personal de salud que lo atenderá, el contacto con el niño, la lactancia, las experiencias de otros padres, páginas y redes sociales relacionadas con la temática y los derechos del niño prematuro según UNICEF. Se incluyen también, algunas sugerencias y fuentes bibliográficas. Esta guía pretende colaborar en el empoderamiento de los padres con ni- ños internados en UCIN. En futuros estudios se podría evaluar el impacto de la misma en los padres y en los servicios de salud
653 0 _aBEBES PREMATUROS
653 0 _aHOSPITALIZACION
653 0 _aPADRES DE FAMILIA
856 4 _uhttp://www.redalyc.org/articulo.oa?id=18043528009
905 _aArticulo
999 _c181721
_d181721